Catálogo

Sonidos de México / (Registro nro. 57647)

Detalles MARC
000 -LEADER
fixed length control field 02226cam a2200517 i 4500
001 - CONTROL NUMBER
control field 57647
003 - CONTROL NUMBER IDENTIFIER
control field Mx-PuUPA
005 - DATE AND TIME OF LATEST TRANSACTION
control field 20250326125403.0
008 - FIXED-LENGTH DATA ELEMENTS--GENERAL INFORMATION
fixed length control field 140415s2024 mx ao gr 001 0 spa d
020 ## - INTERNATIONAL STANDARD BOOK NUMBER
International Standard Book Number 9786079951931
Qualifying information Fundación BBVA
020 ## - INTERNATIONAL STANDARD BOOK NUMBER
International Standard Book Number 9786078895809
Qualifying information Editorial Sexto Piso
040 ## - CATALOGING SOURCE
Original cataloging agency Mx-PuUPA
Language of cataloging spa
Transcribing agency Mx-PuUPA
Modifying agency Mx-PuUPA
Description conventions rda
041 0# - LANGUAGE CODE
Language code of text/sound track or separate title spa
043 ## - GEOGRAPHIC AREA CODE
Geographic area code n-mx----
110 2# - MAIN ENTRY--CORPORATE NAME
Corporate name or jurisdiction name as entry element BBVA (Firm).,
Subordinate unit Fundación
9 (RLIN) 16821
245 10 - TITLE STATEMENT
Title Sonidos de México /
Statement of responsibility, etc. Fundación BBVA ; Lila Downs, Miguel León Portilla, Aurelio Tello, Consuelo Carredano, Carlos Monsivaís, Mercedes Zavala Gómez del Campo, Rosa Virginia Sánchez, Arturo Ordaz, Carlos Prieto Jacqué, Ana Ruiz, Javier Ramírez "Cha!" y E. Fernando Nava L., [colaboradores]
250 ## - EDITION STATEMENT
Edition statement Primera edición
264 #1 - PRODUCTION, PUBLICATION, DISTRIBUTION, MANUFACTURE, AND COPYRIGHT NOTICE
Place of production, publication, distribution, manufacture Ciudad de México :
Name of producer, publisher, distributor, manufacturer Fundación BBVA,
-- Editorial Sexto Piso,
Date of production, publication, distribution, manufacture, or copyright notice 2024
300 ## - PHYSICAL DESCRIPTION
Extent 467 páginas :
Other physical details ilustraciones, fotografías (principalmente a color) ;
Dimensions 33 cm
336 ## - CONTENT TYPE
Fuente rdacontent
Content type term texto
Content type code txt
336 ## - CONTENT TYPE
Fuente rdacontent
Content type term imagen fija
Content type code sti
337 ## - MEDIA TYPE
Source rdamedia
Media type term sin medio
Media type code n
338 ## - CARRIER TYPE
Source rdacarrier
Carrier type term volumen
Carrier type code nc
650 #7 - SUBJECT ADDED ENTRY--TOPICAL TERM
Source of heading or term armarc
Topical term or geographic name entry element Música
General subdivision Historia
Geographic subdivision México
650 #7 - SUBJECT ADDED ENTRY--TOPICAL TERM
Source of heading or term armarc
Topical term or geographic name entry element Música
General subdivision Historia y crítica
Geographic subdivision México
650 #7 - SUBJECT ADDED ENTRY--TOPICAL TERM
Source of heading or term armarc
Topical term or geographic name entry element Música
General subdivision Partituras
-- Historia
Geographic subdivision México
650 #7 - SUBJECT ADDED ENTRY--TOPICAL TERM
Source of heading or term armarc
Topical term or geographic name entry element Música
General subdivision Fotografías
-- Historia
Geographic subdivision México
650 #7 - SUBJECT ADDED ENTRY--TOPICAL TERM
Source of heading or term armarc
Topical term or geographic name entry element Música bailable
Geographic subdivision México
General subdivision Historia
700 1# - ADDED ENTRY--PERSONAL NAME
Personal name Dows, Lila,
Relator term colaborador
700 1# - ADDED ENTRY--PERSONAL NAME
Personal name León-Portilla, Miguel,
Relator term colaborador
700 1# - ADDED ENTRY--PERSONAL NAME
Personal name Tello, Aurelio,
Relator term colaborador
700 1# - ADDED ENTRY--PERSONAL NAME
Personal name Carredano, Consuelo,
Relator term colaborador
700 1# - ADDED ENTRY--PERSONAL NAME
Personal name Monsivaís, Carlos,
Relator term colaborador
700 1# - ADDED ENTRY--PERSONAL NAME
Personal name Zavala Gómez del Campo, Mercedes,
Relator term colaborador
700 1# - ADDED ENTRY--PERSONAL NAME
Personal name Sánchez, Rosa Virginia,
Relator term colaborador
700 1# - ADDED ENTRY--PERSONAL NAME
Personal name Ordaz, Arturo,
Relator term colaborador
700 1# - ADDED ENTRY--PERSONAL NAME
Personal name Prieto Jacqué, Carlos,
Relator term colaborador
700 1# - ADDED ENTRY--PERSONAL NAME
Personal name Ruiz, Ana,
Relator term colaborador
700 1# - ADDED ENTRY--PERSONAL NAME
Personal name Ramírez, Javier
Relator term colaborador
Dates associated with a name "Cha!"
700 1# - ADDED ENTRY--PERSONAL NAME
Personal name Nava L., E. Fernando,
Dates associated with a name colaborador
942 ## - ADDED ENTRY ELEMENTS (KOHA)
Source of classification or shelving scheme Dewey Decimal Classification
Koha item type Libro
Classification part 781.6200972
Item part S68
Existencias
Withdrawn status Lost status Source of classification or shelving scheme Damaged status Not for loan Collection code Home library Current library Shelving location Date acquired Source of acquisition Cost, normal purchase price Total Checkouts Total Renewals Full call number Barcode Date last seen Date last checked out Cost, replacement price Price effective from Koha item type
    Dewey Decimal Classification     Referencia Biblioteca Karol Wojtyla Biblioteca Karol Wojtyla Área de silencio 03/12/2013 Donación 0.00 2 1 781.6200972 S68 2024 47669 05/01/2026 22/07/2025 0.00 03/12/2013 Folio